Sociology for nurses (Record no. 7793)
[ view plain ]
| 000 -LEADER | |
|---|---|
| fixed length control field | 00402nam a2200145 4500 |
| 020 ## - INTERNATIONAL STANDARD BOOK NUMBER | |
| ISBN | 9788184450675 |
| 050 ## - CALL NUMBER | |
| Classification number | RT86.5 |
| 100 ## - AUTHOR | |
| Personal name | Prabhakara, GN |
| 245 ## - TITLE | |
| Title | Sociology for nurses |
| Statement of responsibility, etc | by GN Prabhakara |
| 260 ## - PUBLICATION INFORMATION | |
| Place of publication | New Delhi : |
| Name of publisher | Peepee Publishers, |
| Year of publication | 2009 |
| 300 ## - DESCRIPTION | |
| Number of Pages | 171 pp; |
| Other physical details | illus |
| 500 ## - NOTES | |
| General note | includes bibliographic references and index |
| 650 ## - SUBJECTS | |
| Topical Term | Nursing -- Social aspects. |
| 942 ## - ADDED ENTRY ELEMENTS (KOHA) | |
| Koha item type | Books |
| Withdrawn status | Lost status | Home library | Current library | Date acquired | Full call number | Accession Number | Koha item type |
|---|---|---|---|---|---|---|---|
| Methodist University Library Wenchi Nursing | Methodist University Library Wenchi Nursing | 29/09/2021 | RT86.5 | 30832 | Books | ||
| Methodist University Library Wenchi Nursing | Methodist University Library Wenchi Nursing | 29/09/2021 | RT86.5 | 30833 | Books | ||
| Methodist University Library Wenchi Nursing | Methodist University Library Wenchi Nursing | 29/09/2021 | RT86.5 | 30834 | Books |